Dotácie poskytované obcou

Problematika finančných vzťahov obce k právnickým a fyzickým osobám - podnikateľom pôsobiacim na území obce, k právnickým osobám, ktorých zakladateľom je obec, k rozpočtom iných obcí, ako aj k rozpočtu vyššieho územného celku, do úzenia ktorého obec patrí ak plnia spoločné úlohy. Ilustračné príklady...

Descrizione completa

Salvato in:
Dettagli Bibliografici
Autore principale: Veverková, Ingrid
Natura: Capitolo di libro
Lingua:slovacco
Soggetti:
Tags: Aggiungi Tag
Nessun Tag, puoi essere il primo ad aggiungerne!!

MARC

LEADER 00000naa a2200000 4500
001 0157411
005 20231204111129.0
041 0 |a slo 
044 |a SK 
245 1 0 |a Dotácie poskytované obcou  |c Ingrid Veverková 
520 |a Problematika finančných vzťahov obce k právnickým a fyzickým osobám - podnikateľom pôsobiacim na území obce, k právnickým osobám, ktorých zakladateľom je obec, k rozpočtom iných obcí, ako aj k rozpočtu vyššieho územného celku, do úzenia ktorého obec patrí ak plnia spoločné úlohy. Ilustračné príklady. 
610 2 0 |a rozpočty verejné 
610 2 0 |a zdroje finančné 
610 2 0 |a osoby fyzické 
610 2 0 |a osoby právnické 
610 2 0 |a dotácie 
100 1 |a Veverková, Ingrid